000 00422nam a2200181 a 4500
001 6244
003 CO-ViMGA
008 141112s2004 ck r 000 u spa d
040 _aCO-ViMGA
_bspa
_cCO-ViMGA
082 0 4 _a616.97 T377
100 1 _aTerrass, Stephen
_94921
245 1 0 _aAlergias
260 _aMadrid :
_bTutor,
_c1994
300 _a128 p
490 _aGuĂ­as de salud
650 1 4 _aALERGIAS
942 _2ddc
_cBK
999 _c18216
_d18216